Travels in Mexico, during the years 1843 and 44 ; including a descripción of California, the principal cities and mining districts of that republic ; the oregon territory, etc. (Record no. 3268)

MARC details
000 -CABECERA
campo de control de longitud fija 00817nam a2200241 a 4500
001 - NÚMERO DE CONTROL
campo de control BRCA_3533
005 - FECHA Y HORA DE LA ÚLTIMA TRANSACCIÓN
campo de control 20190320204325.0
008 - DATOS DE LONGITUD FIJA--INFORMACIÓN GENERAL
campo de control de longitud fija 280709s1847----uk #---###---#000-0#eng-#
041 ## - CÓDIGO DE LENGUA
Código de lengua del texto/banda sonora o título independiente eng
044 ## - CÓDIGO DEL PAÍS DE LA ENTIDAD EDITORA/PRODUCTORA
Código MARC del país Uk
050 #4 - SIGNATURA TOPOGRÁFICA DE LA BIBLIOTECA DEL CONGRESO
Número de clasificación F1213
Número de documento/Ítem .G55 1847
100 1# - ENTRADA PRINCIPAL--NOMBRE DE PERSONA
Nombre de persona Gilliam, Albert M.
9 (RLIN) 4785
245 10 - MENCIÓN DE TÍTULO
Título Travels in Mexico, during the years 1843 and 44 ; including a descripción of California, the principal cities and mining districts of that republic ; the oregon territory, etc.
Mención de responsabilidad, etc. by Albert M. Gilliam.
260 ## - PUBLICACIÓN, DISTRIBUCIÓN, ETC.
Lugar de publicación, distribución, etc. Aberdeen
Nombre del editor, distribuidor, etc. G. Clark and son
Fecha de publicación, distribución, etc. 1847
300 ## - DESCRIPCIÓN FÍSICA
Extensión 312 p.
Dimensiones 20 cm.
500 ## - NOTA GENERAL
Nota general Incluye apéndice
500 ## - NOTA GENERAL
Nota general B199
650 14 - PUNTO DE ACCESO ADICIONAL DE MATERIA--TÉRMINO DE MATERIA
Término de materia o nombre geográfico como elemento de entrada Viajeros estadounidenses
9 (RLIN) 7583
651 #4 - PUNTO DE ACCESO ADICIONAL DE MATERIA--NOMBRE GEOGRÁFICO
Nombre geográfico México
Subdivisión general Descripción y viajes
9 (RLIN) 103
651 #4 - PUNTO DE ACCESO ADICIONAL DE MATERIA--NOMBRE GEOGRÁFICO
Nombre geográfico Oregón
Subdivisión general Descripción y viajes
9 (RLIN) 9171
902 ## - CATALOGADOR
Iniciales GFM
942 ## - ELEMENTOS DE PUNTO DE ACCESO ADICIONAL (KOHA)
Fuente del sistema de clasificación o colocación Library of Congress Classification
Tipo de ítem Koha Libros
Holdings
Estado de retiro Estado de pérdida Estado dañado No para préstamo Localización permanente Ubicación/localización actual Fecha de adquisición Número de inventario Total de préstamos Signatura topográfica completa Código de barras Fecha visto por última vez Precio válido a partir de Tipo de ítem Koha
El ejemplar forma parte de la colección y puede ser consultado según las políticas vigentes.       Biblioteca del Museo Franz Mayer (Rogerio Casas-Alatriste) Biblioteca del Museo Franz Mayer (Rogerio Casas-Alatriste) 28/07/2009 B199   F1213 .G55 1847 (B199) 3530 22/03/2019 22/03/2019 Libros